000
00321nam a2200121Ia 4500
008
190415s9999 xx 000 0 und d
082
_a
RM.0085
100
_a
Mitra, Manoshi
245
0
_a
Growth of agricultural labour in a backward economy : A study of Purnea district
260
_c
1979
300
_a
85p.
942
_c
BK
999
_c
14620
_d
14620